San Juan de las Abadesas y su mayor gloria el santísimo misterio / (Record no. 161362)

MARC details
000 -LEADER
campo de control de longitud fija 00878nam a22001935i 4500
001 - NÚMERO DE CONTROL
campo de control 161362
003 - IDENTIFICADOR DE NÚMERO DE CONTROL
campo de control ES-MaACL
005 - FECHA Y HORA DE LA ÚLTIMA TRANSACCIÓN
campo de control 20250929063233.0
008 - DATOS DE LONGITUD FIJA--INFORMACIÓN GENERAL
campo de control de longitud fija 931014s1874 sp |||| | spa d
040 ## - FUENTE DE CATALOGACIÓN
Centro catalogador/agencia de origen CAT
Lengua de catalogación spa
Centro/agencia transcriptor CAT
Centro/agencia modificador CCPB
080 #4 - NÚMERO DE LA CLASIFICACIÓN DECIMAL UNIVERSAL
Número de la Clasificación Decimal Universal 23
100 2# - ENTRADA PRINCIPAL--NOMBRE DE PERSONA
Nombre de persona Parassols y Pi, Pablo,
Fechas asociadas al nombre 1824-1902
9 (RLIN) 130828
245 10 - MENCIÓN DEL TÍTULO
Título San Juan de las Abadesas y su mayor gloria el santísimo misterio /
Mención de responsabilidad, etc. reseña histórica corregida y aumentada por su autor Pablo Parassols y Pi.
260 ## - PUBLICACIÓN, DISTRIBUCIÓN, ETC.
Lugar de publicación, distribución, etc. Barcelona :
Nombre del editor, distribuidor, etc. [s.n.],
Fecha de publicación, distribución, etc. 1874 (
Fabricante Establecimiento Tipográfico de Luis Tasso)
300 ## - DESCRIPCIÓN FÍSICA
Extensión 288 p. ;
Dimensiones 15 cm.
752 ## - ENTRADA AGREGADA--NOMBRE JERÁRQUICO DEL LUGAR
País o entidad superior España -
Ciudad Barcelona
852 ## - LOCALIZACIÓN
Ubicación ES-MaACL
Nota libre R-1937
-- -- Enc. hol., con puntas y hierros dorados
Encuadernación -- Edic.: corregir en el tít. "Santísimo Misterio" -- Añadir T610 Colegiata de San Juan de las Abadesas (Gerona)-Historia. Olim: G-492
Holdings
Estatus retirado Estado de pérdida Estado de daño No para préstamo Colección Biblioteca de origen Biblioteca actual Ubicación en estantería Fecha de adquisición Fuente de adquisición Total de préstamos Signatura topográfica completa Código de barras Visto por última vez Precio de reemplazo Tipo de ítem Koha
        Libros del s. XIX Biblioteca del Ateneo de Madrid Biblioteca del Ateneo de Madrid Depósito 17/01/2008     R-1937 1169022 23/02/2023 23/02/2023 Libro impreso antiguo